Carregant...

അപൂർണതയുടെ ഒരു പുസ്തകം /

Dades bibliogràfiques
Autor principal: പ്രവീൺ ചന്ദ്രൻ
Altres autors: Praveen Chandran
Format: Printed Book
Publicat: Kozhikkode: Mathrubhumi, 2014.
Matèries:
LEADER 00609nam a22001697a 4500
020 |a 9788182661387 
082 |a 894.8123  |b PRA-A 
100 |a പ്രവീൺ ചന്ദ്രൻ. 
245 |a അപൂർണതയുടെ ഒരു പുസ്തകം / 
260 |a Kozhikkode:  |b Mathrubhumi,  |c 2014. 
300 |a 128p.; 
650 |a Malayalam li terature-Fiction 
650 |a Apoornathayude oru pusthakam 
700 |a Praveen Chandran 
942 |c BK 
999 |c 48806  |d 48806 
952 |0 0  |1 0  |4 0  |6 894_812300000000000_PRAA  |7 0  |9 62019  |a KU  |b KU  |c GEN  |d 2017-06-07  |g 100.00  |l 0  |o 894.8123 PRA-A  |p CL01908  |r 2017-06-07  |y BK